00644nam a2200217Ia 4500001000700000008004100007020002200048035001600070041000800086084001300094100003700107245012000144260003100264300002200295490002400317650002500341650001300366650001200379650002100391650001400412054881221003s2019 xx 000 0 spa d a978-84-9888-882-9 aCENDO_44397 aspa aCD-15511 aRODRIGUEZ-PALOP, María Eugenia 0aRevolución feminista y políticas de lo común frente a la extrema derecha /cMaría Eugenia Rodríguez-Palop aBarcelona :bIcaria,c2019 a151 p. ;c 21 cm aMás Madera ;v148 0aMOVIMIENTO FEMINISTA aPOLITICA aMUJERES aPARTIDO POLITICO 0aVIOLENCIA